Responses for Show #795 - Friday, February 5, 1988

Barbara-Anne Eddy game 5.
Final Jeopardy! logo flashes on the game board's monitors instead of the show's logo.

Contestants

[<< previous game]

Mike Lerner, a tax accountant from Beverly Hills, California

Cynthia Green, a journalist from Tarrytown, New York (whose 1-day cash winnings total $9,000)

Barbara-Anne Eddy, a freelance researcher from Vancouver, Canada (whose 4-day cash winnings total $39,400)

[next game >>]

Jeopardy! Round responses

3-LETTER FOODS
4-LETTER WORDS
5-LETTER TV SHOWS
6-LETTER PRESIDENTS
7-LETTER CITIES
8-LETTER SCIENCE
(Alex: And in your selection of categories, you don't have to read the whole category; just say 3, 4, 5, 6, 7 or 8.)
    $100 3
pie

Cynthia
    $100 17
skim

Barbara-Anne
    $100 2
Rhoda

Cynthia
    $100 14
James Monroe

Barbara-Anne
    $100 1
Hamburg

Cynthia
    $100 18
constant

Barbara-Anne
    $200 4
nut

Cynthia
    $200 23
peer

Barbara-Anne
    $200 8
Maude

Barbara-Anne
    $200 16
Jimmy Carter

Mike
    $200 9
Phoenix

Barbara-Anne
    $1,000 19
positive & negative

Barbara-Anne
    $300 5
rye

Cynthia
    $300 24
(Cynthia: What are wits?)

head

Barbara-AnneCynthia
    $300 13
Hazel

Cynthia
    $300 29
Herbert Hoover

Cynthia
    $300 10
Glasgow

Barbara-Anne
    $300 20
molecule

Mike
    $400 6
poi

Cynthia
    $400 25
(Alex: Less than a minute to go.)

gone or went

Cynthia
    $400 15
Alice

Cynthia
    $400 28
Harry Truman

Triple Stumper
    $400 11
Halifax

Barbara-Anne
    $400 21
computer

Mike
    $500 7
(Mike: What is a yam?)

pea

CynthiaMike
    $500 30
halt

Barbara-Anne
    $500 26
Angie

Cynthia
    $500 27
Chester Arthur

Triple Stumper
    $500 12
Teheran & Baghdad

Barbara-Anne
    $500 22
(Alex: And the reference, of course, to atmospheric [*].)

pressure

Triple Stumper

Scores at the first commercial break (after clue 12):

Barbara-Anne Cynthia Mike
$1,600 $1,700 -$500

Scores at the end of the Jeopardy! Round:

Barbara-Anne Cynthia Mike
$3,900 $3,300 $400

Double Jeopardy! Round responses

THE AMAZON
OPERA
WEIGHTS & MEASURES
ROMAN EMPIRE
SENIOR CITIZENS
BY THE NUMBERS
    $200 19
oxygen

Cynthia
    $200 7
Romeo & Juliet

Barbara-Anne
    $200 13
paper

Cynthia
    $200 12
Latin

Cynthia
    $200 4
Charles Darwin

Cynthia
    $200 1
Frenchmen

Mike
    $400 20
Brazil nut

Barbara-Anne
    $400 8
I Pagliacci

Barbara-Anne
    $400 15
ocean depth/depth of water

Mike
    $400 14
Constantinople

Cynthia
    $400 22
George Bernard Shaw

Cynthia
    $400 2
60

Mike
    $600 21
the mouth/delta

Triple Stumper
    $600 9
Rimsky-Korsakov

Barbara-Anne
    $600 16
inch

Mike
    $600 26
Pax Romana

Barbara-Anne
    $600 23
Luke

Barbara-Anne
    $600 3
they left without paying

Barbara-Anne
    $800 29
[end-of-round signal sounds]

vulcanization

Cynthia
    $800 10
La boheme

Barbara-Anne
    $800 17
gross ton

Triple Stumper
    $800 27
(Barbara-Anne: Who was Claudius?)
(Cynthia: Who was Octavius?)

Nero

Barbara-AnneCynthia
Triple Stumper
    $800 24
(Alex: With a minute to go.)

William Randolph Hearst

Mike
    $600 5
(Cynthia: What is 87...I don't know.)

"Four score and seven...."

Cynthia
    $1,000 11
(Barbara-Anne: One of my favorite operas!)

The Valkyries

Barbara-Anne
    $1000 18
(greater than) daily

Mike
    $1000 28
(Cynthia: Who was Cassius?)

Pompey

Barbara-AnneCynthia
    $1000 25
Frederick Douglass

Barbara-Anne
    $1000 6
(Cynthia: What is the 1 billionth?)

the 5 billionth person born

Barbara-AnneCynthia

Scores at the end of the Double Jeopardy! Round:

Barbara-Anne Cynthia Mike
$11,300 $2,300 $3,800
(lock game)

[wagering suggestions for these scores]

Final Jeopardy! Round responses

BEST SELLERS
CynthiaWho is Herriot?
$0
MikeWho is Dr. Doolittle?
$3,800
Barbara-AnneWhat is JAMES HERRIOT?
$1,300
James Herriot

Final scores:

Barbara-Anne Cynthia Mike
$12,600 $2,300 $0
5-day champion: $52,000 2nd place: Trip to Pinehurst, North Carolina 3rd place: Lloyd Flanders Heirloom series furniture

Game dynamics:

Coryat scores:

Barbara-Anne Cynthia Mike
$10,500 $2,900 $3,800
24 R
(including 2 DDs),
1 W
19 R,
5 W
(including 1 DD)
9 R,
1 W

Combined Coryat: $17,200

[game clues] [game scores] [suggest correction]

Game tape date: 1987-10-20
The J! Archive is created by fans, for fans. Scraping, republication, monetization, and malicious use prohibited; this site may use cookies and collect identifying information. See terms. The Jeopardy! game show and all elements thereof, including but not limited to copyright and trademark thereto, are the property of Jeopardy Productions, Inc. and are protected under law. This website is not affiliated with, sponsored by, or operated by Jeopardy Productions, Inc. Join the discussion at JBoard.tv.